| 000 | 00602nam a22001817a 4500 | ||
|---|---|---|---|
| 005 | 20240913112200.0 | ||
| 010 | _aENG-141158 | ||
| 020 |
_a9788123799872 _c315.00 |
||
| 035 | _aEN-124690 | ||
| 037 | _bDBAD | ||
| 082 |
_a260.33 _21 |
||
| 245 |
_aGuru Nanak Bani: _bSelected Hymns/ _cTranslated by Dharam Singh |
||
| 260 |
_aNew Delhi _bNational Book Trust, India _c2021 |
||
| 270 |
_aNehru Bhawan, 5 Institutional Area, Phase-II Vasant Kunj _bNew Delhi _e110070 |
||
| 300 |
_axviii,161p. _c24cm(pbk) |
||
| 700 |
_aDharam Singh _eTranslated _969373 |
||
| 942 |
_2ddc _cCH _mSHA _h260.33 _e1 |
||
| 999 |
_c204775 _d204775 |
||